LEADER 01027nam 2200277 450 001 996704375303316 005 20260308171059.0 100 $a20260126d1978----km y0itay5003 ba 101 0 $aita 102 $aIT 105 $ay 00 y 200 1 $aSull'obbligo dei cappellani degli istituti di prevenzione e di pena di assistere alla celebrazione di matrimoni religiosi aventi effetti civili$fPasquale Colella 210 $aNapoli$cJovane$d1978 215 $a[637]-642 p.$d24 cm 300 $aTitolo della copertina 300 $aEstratto da: Diritto e giurisprudenza, vol. 93, n. 3 (1978) 606 0 $aDiritto canonico$2BNCF 676 $a262.9 700 1$aCOLELLA,$bPasquale$0237132 801 0$aIT$bcba$gREICAT 912 $a996704375303316 951 $aXVI.7.Misc. 1757$b1786 FBUO$cXVI.7.Misc. 959 $aBK 969 $aFBUO 996 $aSull'obbligo dei cappellani degli istituti di prevenzione e di pena di assistere alla celebrazione di matrimoni religiosi aventi effetti civili$94530504 997 $aUNISA